000 00196 a2200085 4500
245 _aHEART OF DARKNESS AND SECRET SHARER
_hText
100 _aCNORMA YOUNGBRIG
650 _aliterature
005 20191021095329.0
084 _aNONE
999 _c12107
_d12107